[Event "FRA-chT4 0203"]
[Site "Bretagne"]
[Date "2003.02.02"]
[Round "5"]
[White "Boisnard, Andre"]
[Black "Caillot, Arnaud"]
[Result "1/2-1/2"]
[WhiteElo "1690"]
[BlackElo "1660"]
[PlyCount "95"]
[EventDate "2002.10.??"]
[EventType "team"]
[EventRounds "7"]
[EventCountry "FRA"]
[SourceTitle "EXT 2007"]
[Source "ChessBase"]
[SourceDate "2006.11.23"]
[SourceVersion "1"]
[SourceVersionDate "2006.11.23"]
[SourceQuality "1"]

1. d4 Nf6 2. Nf3 g6 3. Bf4 Bg7 4. e3 0-0 5. Bd3 d5 6. 0-0 c5 7. c3 c4 8. Be2 Bg4 9. Nbd2 h6 10. h3 Bxf3 11. Nxf3 Nbd7 12. b4 cxb3 13. axb3 Rc8 14. Qd3 Qb6 15. c4 e6 16. c5 Nxc5 17. dxc5 Rxc5 18. Be5 Rfc8 19. Bd4 Nd7 20. Ra2 Bxd4 21. exd4 Rc3 22. Qd2 Kg7 23. Rb1 Qc7 24. Rbb2 a5 25. Bd1 b6 26. Rc2 Rxc2 27. Rxc2 Qb8 28. Rxc8 Qxc8 29. b4 Qa6 30. bxa5 bxa5 31. Ne5 Nxe5 32. dxe5 a4 33. Qa2 a3 34. Qa1 Qd3 35. Kh2 d4 36. Qc1 a2 37. Qf4 Qf5 38. Qxd4 Qb1 39. Qf4 Qf5 40. Qd4 Qb1 41. Qf4 Qd3 42. Qf6+ Kg8 43. Bg4 Qd7 44. Bxe6 Qxe6 45. Qd8+ Kg7 46. Qd4 h5 47. f4 Kh6 48. h4 1/2-1/2

[Event "Ile et Vilaine-chA 0001"]
[Site "Ile et Vilaine"]
[Date "2001.04.01"]
[Round "7"]
[White "Talavera, Jose"]
[Black "Boisnard, Andre"]
[Result "1-0"]
[WhiteElo "1800"]
[BlackElo "1580"]
[PlyCount "102"]
[EventDate "2000.10.21"]
[EventType "swiss"]
[EventRounds "7"]
[EventCountry "FRA"]
[SourceTitle "EXT 2007"]
[Source "ChessBase"]
[SourceDate "2006.11.23"]
[SourceVersion "1"]
[SourceVersionDate "2006.11.23"]
[SourceQuality "1"]

1. e4 c5 2. Nf3 Nc6 3. Bb5 d6 4. Bxc6+ bxc6 5. 0-0 Bg4 6. h3 Bh5 7. Re1 e6 8. d3 d5 9. e5 g6 10. g4 Bxg4 11. hxg4 h5 12. g5 Ne7 13. Nh4 Bg7 14. f4 Qb6 15. Re2 c4+ 16. d4 0-0 17. c3 a5 18. Be3 a4 19. Na3 Rfb8 20. Rb1 Qc7 21. Nc2 Bf8 22. a3 Rb7 23. Nb4 Kg7 24. Qc2 Ng8 25. Rf1 Bxb4 26. cxb4 Ne7 27. Kh1 Qc8 28. Rh2 Rba7 29. Qe2 Qd7 30. Re1 Rh8 31. Bf2 Raa8 32. Rg2 Rhd8 33. Bg1 Ra7 34. Rh2 Raa8 35. Qf3 Rh8 36. Rhe2 Rae8 37. Bh2 Rhf8 38. Qc3 Rh8 39. Qc2 Ra8 40. f5 gxf5 41. g6 fxg6 42. Bf4 Qa7 43. Qd2 Rag8 44. Bg5 Kf7 45. Bf6 Rh7 46. Rg2 Ke8 47. Reg1 Kd8 48. Nxg6 Rxg6 49. Rxg6 Kc7 50. Rg7 Kb6 51. Rxh7 Kb5 1-0

[Event "Ile et Vilaine-chA 0001"]
[Site "Ile et Vilaine"]
[Date "2001.01.27"]
[Round "5"]
[White "Coll, Henri"]
[Black "Boisnard, Andre"]
[Result "0-1"]
[WhiteElo "1610"]
[BlackElo "1580"]
[PlyCount "142"]
[EventDate "2000.10.21"]
[EventType "swiss"]
[EventRounds "7"]
[EventCountry "FRA"]
[SourceTitle "EXT 2007"]
[Source "ChessBase"]
[SourceDate "2006.11.23"]
[SourceVersion "1"]
[SourceVersionDate "2006.11.23"]
[SourceQuality "1"]

1. c4 b6 2. d4 Bb7 3. Nc3 Nf6 4. Bg5 e6 5. e3 Bb4 6. a3 Bxc3+ 7. bxc3 d5 8. cxd5 Bxd5 9. Nf3 Nbd7 10. c4 Bb7 11. Be2 0-0 12. 0-0 h6 13. Bh4 Qc8 14. Bxf6 Nxf6 15. Ne5 c5 16. Bf3 cxd4 17. exd4 Nd7 18. Bxb7 Qxb7 19. Re1 Rac8 20. Rc1 Nxe5 21. Rxe5 Rfd8 22. g4 Rd6 23. g5 hxg5 24. Rxg5 Rcd8 25. d5 exd5 26. cxd5 Rxd5 27. Rxd5 Rxd5 28. Qg4 Rd7 29. h4 Rc7 30. Rd1 Qc8 31. Qg5 f6 32. Qd5+ Kf8 33. Kh2 Rc5 34. Qf3 Qc7+ 35. Kg1 Rc1 36. Rxc1 Qxc1+ 37. Kg2 Qc7 38. Qa8+ Kf7 39. Qd5+ Ke7 40. Qe4+ Kd8 41. Qd5+ Kc8 42. Qa8+ Kd7 43. Qd5+ Ke7 44. Qe4+ Kd6 45. Qd4+ Kc6 46. Qc4+ Kb7 47. Qg4 a6 48. Qb4 Qf7 49. Qe4+ Ka7 50. a4 Qb7 51. Kf3 b5 52. a5 b4 53. Ke3 Qxe4+ 54. Kxe4 b3 55. Kd3 b2 56. Kc2 b1Q+ 57. Kxb1 Kb7 58. Kb2 Kc6 59. Kb3 Kb5 60. Ka3 Kxa5 61. Kb3 Kb5 62. Ka3 g6 63. Kb3 f5 64. Ka3 f4 65. Kb3 a5 66. Ka3 a4 67. Ka2 Kb4 68. Kb2 f3 69. Ka2 Kc3 70. Ka3 Kd2 71. Kxa4 Ke2 0-1

[Event "Ile et Vilaine-chA 0001"]
[Site "Ile et Vilaine"]
[Date "2000.11.11"]
[Round "2"]
[White "Lepagnol, Eric"]
[Black "Boisnard, Andre"]
[Result "0-1"]
[WhiteElo "1700"]
[BlackElo "1560"]
[PlyCount "50"]
[EventDate "2000.10.21"]
[EventType "swiss"]
[EventRounds "7"]
[EventCountry "FRA"]
[SourceTitle "EXT 2007"]
[Source "ChessBase"]
[SourceDate "2006.11.23"]
[SourceVersion "1"]
[SourceVersionDate "2006.11.23"]
[SourceQuality "1"]

1. d4 Nf6 2. c4 b6 3. Nc3 Bb7 4. Bg5 e6 5. e3 Be7 6. Bd3 Bxg2 7. Bxf6 Bxf6 8. Be4 Bxh1 9. Bxh1 c6 10. d5 Bxc3+ 11. bxc3 0-0 12. d6 Na6 13. Nf3 Nc5 14. Qc2 Qf6 15. 0-0-0 e5 16. Rg1 Qxd6 17. Qf5 f6 18. Nh4 Qe6 19. Qh5 Qf7 20. Qf3 Ne6 21. Nf5 Ng5 22. Qg4 h5 23. Qf3 Qxc4 24. h4 Qxc3+ 25. Kd1 Qd3+ 0-1